000 00592nam a2200193 i 4500
001 51635
003 ES-MaACL
005 20251015063059.0
007 t|
008 030814s1834 fr |||| | fre d
100 1 _aDamiron, Jean Philibert,
_d1794-1862
_942574
245 1 0 _aEssai sur l'histoire de la philosophie en France, au XIX siècle /
_cpar Ph. Damiron.
250 _a3e ed.
260 _aParis :
_bL. Hachette,
_c1834 (
_fMoquet)
300 _a2 v. ;
_c21 cm.
650 4 _aFilosofía-
_zFrancia-
_yS.XIX.
_912847
852 _aES-MaACL
_jG-7827-28
999 _c51635
_d51635